[Event "LOTTO POL-ch Men 2019"]
[Site "Warsaw"]
[Date "2019.05.19"]
[Round "9.4"]
[White "Heberla, Bartlomiej"]
[Black "Gajewski, Grzegorz"]
[Result "0-1"]
[WhiteElo "2556"]
[BlackElo "2613"]
[Annotator "TA"]
[PlyCount "140"]
[EventDate "2019.05.11"]
[EventType "tourn"]
[EventCountry "POL"]
[SourceTitle "playchess.com"]
[Source "ChessBase"]
[SourceQuality "1"]

{[%evp 14,140,3,-22,-15,-22,-22,-25,-22,-25,-16,-30,-28,-36,0,-5,-7,-7,-2,-3,-3,-3,-3,-3,-2,-10,24,31,41,0,0,0,0,0,2,-3,-2,-23,-19,-80,-80,-72,-54,-52,-62,-56,-58,-79,-66,-72,-66,-72,-79,-67,-48,-86,-80,-86,-93,-245,-65,-64,-58,-46,-62,-127,-62,-179,-171,-339,-335,-331,-339,-329,-285,-305,-302,-358,-336,-345,-345,-368,-360,-343,-350,-315,-299,-332,-298,-291,-275,-472,-471,-1162,-1182,-992,-1111,-941,-832,-704,-675,-651,-616,-29964,-29964,-29962,-29961,-11049,-10549,-5285,-5293,-29975,-29976,-29976,-29977,-29976,-29977,-29979,-29980,-29980,-29981,-29981,-29982,-29982,-29983,-29983,-29984,-29983,-29985]} 1. e4 e5 2. Nf3 Nc6 3. Bc4 Bc5 4. d3 Nf6 5. Nc3 h6 6. Be3 Bxe3 7. fxe3 d6 8. O-O Na5 {C50: Hungarian Defence and Giuoco Pianissimo} 9. Bb3 O-O 10. d4 Qe7 {Black has an edge.} 11. dxe5 $146 ({Predecessor:} 11. Qd3 c6 12. Nd2 b5 13. Ne2 Rb8 14. Ng3 Rb6 15. a4 Nxb3 16. Qxb3 {½-½ (36) Valeriani,D (2349)-Ivanovic,Z (2362) ICCF email 2011}) 11... dxe5 12. Nd5 Nxd5 13. Qxd5 Nc6 14. Rad1 Be6 15. Qd3 Rad8 16. Qb5 Bxb3 17. cxb3 Qb4 18. Qxb4 Nxb4 19. Nxe5 Rfe8 20. Rxd8 Rxd8 $11 {[%mdl 4096] Endgame KRN-KRN} 21. a3 (21. Nxf7 Re8 $11) 21... Re8 22. Nd7 ({Much weaker is} 22. Nxf7 Nc6 $17) 22... Nc6 23. Rc1 Rxe4 24. Kf2 Re7 25. Nc5 Ne5 26. Rd1 (26. Ke2 $11 {keeps the balance.}) 26... b6 $17 27. Na6 Ng4+ {[%mdl 64] Discovered Attack} 28. Kf3 f5 {...g5 is the strong threat.} 29. h3 Nxe3 30. Rd3 Nc2 {And now ...Ne1+ would win.} 31. Rd2 Ne1+ 32. Kf2 c5 33. g3 g5 $1 34. Nb8 f4 35. gxf4 gxf4 36. Nd7 $2 (36. Rd1 $17 Nc2 37. Kf3) 36... Re3 $2 (36... Kf7 $19 {aiming for ...Re3.} 37. Rd1 Nc2) 37. Nf6+ $1 $15 Kf7 38. Ng4 $1 {[%cal Rg4e3]} Re6 39. Rd1 (39. Rd5 $1 $15) 39... Nc2 ({Better is} 39... h5 $17 40. Nh2 Nc2) 40. Kf3 (40. Rd5 $1 $15) 40... h5 $19 41. Nf2 $2 (41. Nh2 {was necessary.}) 41... Nd4+ 42. Kxf4 Rf6+ 43. Kg3 Rf3+ 44. Kg2 Rxb3 45. Nd3 Kf6 46. Rd2 h4 47. Rf2+ Ke6 48. Nf4+ Kd6 49. Kf1 c4 50. Ke1 c3 51. bxc3 Rxc3 52. Rd2 $2 (52. a4) 52... Ke5 {Hoping for ...Nf3+.} 53. Rd3 (53. Nd3+ $142 Kf5 54. Rd1) 53... Rxd3 54. Nxd3+ {KN-KN} Ke4 55. Kd2 Nf3+ 56. Kc3 Ng5 57. Ne1 Kf4 $1 58. Ng2+ Kg3 {[%mdl 64] Double Attack} 59. Ne3 Kxh3 60. Kd4 Kh2 61. Ke5 h3 62. Kf4 Kg1 {Black mates.} 63. Ng4 h2 64. Nxh2 Kxh2 65. Kxg5 {KPP-KP} Kg3 66. Kf5 Kf3 67. Ke5 Ke3 68. Kd5 Kd3 $1 69. Kc6 {[#]} Kc4 $1 70. Kb7 {[#]} a5 $1 {Accuracy: White = 44%, Black = 81%.} 0-1

[Event "LOTTO POL-ch Men 2019"]
[Site "Warsaw"]
[Date "2019.05.19"]
[Round "9.5"]
[White "Sadzikowski, Daniel"]
[Black "Dragun, Kamil"]
[Result "1/2-1/2"]
[WhiteElo "2522"]
[BlackElo "2591"]
[Annotator "TA"]
[PlyCount "61"]
[EventDate "2019.05.11"]
[EventType "tourn"]
[EventCountry "POL"]
[SourceTitle "playchess.com"]
[Source "ChessBase"]
[SourceQuality "1"]

{[%evp 24,61,43,46,40,50,48,46,33,54,48,34,34,19,33,20,22,0,23,18,32,14,41,40,39,0,27,17,14,14,14,0,0,-17,0,0,0,0,0,-31]} 1. e4 c5 2. Nf3 e6 3. d4 cxd4 4. Nxd4 Nc6 5. Nc3 Qc7 6. g3 a6 7. Bg2 Nf6 8. O-O Nxd4 9. Qxd4 Bc5 10. Bf4 d6 11. Qd2 h6 12. Rad1 e5 13. Be3 Be6 {B47: Sicilian: Taimanov: 5 Nc3 Qc7 6 f4, 6 g3 and 6 Be2} 14. Bxc5 dxc5 15. Nd5 Bxd5 $1 {White is slightly better.} 16. exd5 {Hoping for d6.} Qd6 (16... O-O 17. d6 Qb6 18. c4 Rad8 19. Rfe1 Rfe8 20. Bh3 Nh7 21. f4 {1-0 (60) Vidit,S (2715)-Van Foreest,J (2629) Riadh 2017}) 17. Rfe1 {Black must now prevent Rxe5+!} O-O 18. Re2 Rae8 $146 ({Predecessor:} 18... b5 19. Rde1 Rfe8 20. c4 bxc4 21. Qc3 e4 22. Qxc4 Rab8 23. Bxe4 Nxe4 24. Rxe4 Rxe4 25. Qxe4 Rxb2 26. Qe8+ Kh7 27. Qxf7 Rd2 28. Qf5+ {½-½ (28) Rietveld,R (2112)-Goormachtigh,J (2231) Netherlands 2005}) 19. Rde1 b5 20. a4 bxa4 21. Ra1 Rb8 22. c3 Rb5 23. Rxa4 Rfb8 24. h3 a5 25. Qd3 g6 {The position is equal.} 26. Ra2 Kg7 27. Qc4 Nd7 28. f4 exf4 29. Qxf4 Qxf4 30. gxf4 c4 31. Rd2 {Accuracy: White = 38%, Black = 56%.} (31. d6 $5 {[%cal Rg2c6]} Rd8 32. Rd2 $11) 1/2-1/2